00481nam a2200169Ia 4500999001500000003000400015005001700019008004100036040000900077082001900086100003000105245007300135260003600208300000900244650001400253942004400267 c9343d9343OSt20191220134031.0190216s9999||||xx |||||||||||||| ||und|| coclc a338.954bKRI/P aKrishnamachari, V T 9612 0aPlanning In India Theory And Practice /cV T Krishnamachari ; S Venu bOrient Longman,c1977.aBombay: a191p aEconomics cBK2ddch338.954iKRI/Pk338.954mKRI/P